000 00563nam a22001937a 4500
005 20251108171820.0
008 250721s1985 xx 000 0 ara d
082 1 4 _aط/599/ذئب
100 1 _aنابلسي، هالة
_eترجمة
245 1 0 _aالذئب /
250 _aط3
264 1 _aبيروت :
_bدار المسيرة للطباعة و النشر،
_c1985.
300 _a24ص
490 0 _aالمستكشف الصغير : عالم البراري
650 1 7 _aالذئاب
650 1 7 _aالحيوانات
942 _2ddc
_cBK
999 _c63277
_d63277